000 00790nam 22002053 4500
001 199316
010 _a978-972-31-1490-4
021 _aPT
_b357124/13
090 _a199316
100 _a20251128d u||y0pory50 ba
200 _aNão queirais ser castelhana : fronteira e contrabando na Raia da Beira Baixa
_fEduarda Rovisco
210 _a[Lisboa]
_cFundação Calouste Gulbenkian, Fundação para a Ciência e a Tecnologia
_d2013
215 _a526, [2] p.
_cil. ; brochado
225 _aTextos universitários de ciências sociais e humanas
606 _92051
_aAntropologia Cultural. Etnologia. Etnografia. Usos e Costumes. Tradições. Modo de vida. Folclore
675 _a39
_vPT
_zpor
700 _915212
_aRovisco
_bEduarda
_f1968-
801 _aPT
_bBMMN
_gRPC
830 _cVanda
990 _cLIVROS